Φασματικές ιδιότητες δένδρων : πτυχιακή εργασία

Η παρούσα πτυχιακή εργασία μελετάει τις ιδιότητες των γραφημάτων είτε είναι πεπερασμένα είτε άπειρα ,μέσα από διάφορες διαδικασίες βρίσκει το φάσμα τους και τις πληροφορίες που αντλούμε από αυτό και καταλήγει στην στην μελέτη των κανονικών δένδρων....

Πλήρης περιγραφή

Αποθηκεύτηκε σε:
Λεπτομέρειες βιβλιογραφικής εγγραφής
Κύριος συγγραφέας: Λούντζη, Αγγελική - Διονυσία
Συγγραφή απο Οργανισμό/Αρχή: Πανεπιστήμιο Αιγαίου. Σχολή Θετικών Επιστημών. Τμήμα Μαθηματικών
Μορφή: Thesis Βιβλίο
Γλώσσα:Greek
Δημοσίευση: 2012.
Θέματα:
Διαθέσιμο Online:http://hdl.handle.net/11610/8022
Ετικέτες: Προσθήκη ετικέτας
Δεν υπάρχουν, Καταχωρήστε ετικέτα πρώτοι!

MARC

LEADER 00000cam a2200000 i 4500
001 1/18289
008 120309s2012 gr | ||| |||| ||gre||
035 |l 10112018 
040 |a GR-MyUA  |b gre  |e AACR2 
041 0 |a gre 
082 0 |a 511.52  |2 (22) 
100 1 |a Λούντζη, Αγγελική - Διονυσία. 
245 1 0 |a Φασματικές ιδιότητες δένδρων :   |b πτυχιακή εργασία /   |c Αγγελική-Διονυσία Λούντζη ; επιβλέπων καθηγητής Ευστράτιος Πρασίδης.  
260 |c 2012.  
300 |a x, 39 σ. :   |b διάγρ. ;   |c 30 εκ.  
500 |a Μέλη της εξεταστικής επιτροπής: Πρασίδης Ευστράτιος, Μεταφτσής Βασίλειος, Τσαπόγας Γεώργιος.  
502 |a Πτυχιακή εργασία – Πανεπιστήμιο Αιγαίου, Σάμος, 2012.  
504 |a Περιέχει βιβλιογραφικές αναφορές.  
506 0 |a Διάθεση πλήρους κειμένου - Ελεύθερη πρόσβαση.  
520 |a Η παρούσα πτυχιακή εργασία μελετάει τις ιδιότητες των γραφημάτων είτε είναι πεπερασμένα είτε άπειρα ,μέσα από διάφορες διαδικασίες βρίσκει το φάσμα τους και τις πληροφορίες που αντλούμε από αυτό και καταλήγει στην στην μελέτη των κανονικών δένδρων.  
540 |a Κλειδωμένη η δυνατότητα αντιγραφής (copy) του κειμένου.  
610 2 0 |a University of the Aegean  |x Dissertations. 
650 0 0 |a Trees (Graph theory) 
650 0 0 |a Dissertations, Academic  |z Greece. 
700 1 |a Πρασίδης, Ευστράτιος,  |e dgs 
710 2 |a Πανεπιστήμιο Αιγαίου.   |b Σχολή Θετικών Επιστημών.   |b Τμήμα Μαθηματικών. 
852 |a INST  |b SAMOS  |c DIATR  |e 20120309  |h 511.52 ΛΟΥ  |p 005300033947  |q 005300033947  |t DIE  |y 23 
852 |a INST  |b SAMOS  |c DIATR  |e 20120309  |h 511.52 ΛΟΥ  |p 005300033948  |q 005300033948  |t DIE  |y 23 
856 |u http://hdl.handle.net/11610/8022 
901 |a BIBL3-2012-1 
909 |a Σ  |b 172105 
909 |a Σ  |b 172106 
924 |a ΛΟΥΝΤΖΗ  |b ΑΓΓΕΛΙΚΗ-ΔΙΟΝΥΣΙΑ  |y Σάμος  |z 2012-02 
970 |a ΚΟΣΙΕΡΗΣ  |b ΧΡΗΣΤΟΣ  |z 2012/03/09